000 00646nam a2200229Ia 4500
003 OSt
005 20220926022950.0
006 a|||||r|||| 00| 0
007 ta
008 220923b |||||||| |||| 00| 0 eng d
037 _cGeneral Book
040 _aRTL
_cRTL
_beng
041 _2eng
_aeng
082 _aX:75:(B2894).791.N6, K6
100 _aScott Andrew M
_9120599
245 0 _aSimulation and national development
260 _aNew York
_bWiley
_c1966
300 _aix,177p.
_ccm.
650 _aPlanned Economy
942 _hX:75:(B2894).791.N6, K6
_cGB
_2CC
999 _c640696
_d640696